书目信息 |
| 题名: |
机动车驾驶人理论知识培训教材
|
|
| 作者: | 杨昌辉 主编 ;重庆市西南机动车驾驶员培训中心 编 | |
| 分册: | ||
| 出版信息: | 重庆 重庆大学出版社 2021.1 |
|
| 页数: | 176页 | |
| 开本: | 26cm | |
| 丛书名: | ||
| 单 册: | ||
| 中图分类: | U471.3 | |
| 科图分类: | ||
| 主题词: | 汽车驾驶员--技术培训--教材 | |
| 电子资源: | ||
| ISBN: | 978-7-5689-0430-8 | |
| 000 | 01163nam0 2200253 45 | |
| 001 | 012001001563 | |
| 005 | 20140914105949.0 | |
| 010 | @a978-7-5689-0430-8@dCNY39.00 | |
| 100 | @a20170623d2017 em y0chiy50 ea | |
| 101 | 0 | @achi |
| 102 | @aCN@b500000 | |
| 105 | @aa z 000yy | |
| 106 | @ar | |
| 200 | 1 | @a机动车驾驶人理论知识培训教材@f重庆市西南机动车驾驶员培训中心编@g重庆市西南机动车驾驶员培训中心编@Aji dong che jia shi ren li lun zhi shi pei xun jiao cai |
| 210 | @a重庆@c重庆大学出版社@d2021.1 | |
| 215 | @a176页@c彩图@d26cm | |
| 314 | @a主编:杨昌辉 | |
| 330 | @a本书内容分为七章,内容包括安全文明驾驶、法律法规及道路交通信号、汽车知识、安全驾驶知识、恶劣气象和复杂道路条件下的安全驾驶常识等。利用案例分析对照安全法规知识,提高学员规范操作的自觉性,学会避免和防止交通事故的发生,进而达到培养和提高驾驶人遵章守法的安全意识,掌握驾驶人的实际驾驶技能。 | |
| 606 | 0 | @a汽车驾驶员@x技术培训@j教材 |
| 690 | @aU471.3@v5 | |
| 701 | 0 | @a杨昌辉@Ayang chang hui@4主编 |
| 712 | 02 | @a重庆市西南机动车驾驶员培训中心@Achong qing shi xi nan ji dong che jia shi yuan pei xun zhong xin@4编 |
| 801 | 0 | @aCN@bBJSDL@c20211011 |
| 905 | @b1336310-3@dU471.3@e1060@f4 | |
| 机动车驾驶人理论知识培训教材/重庆市西南机动车驾驶员培训中心编/重庆市西南机动车驾驶员培训中心编.-重庆:重庆大学出版社,2021.1 |
| 176页:彩图;26cm |
| ISBN 978-7-5689-0430-8:CNY39.00 |
| 本书内容分为七章,内容包括安全文明驾驶、法律法规及道路交通信号、汽车知识、安全驾驶知识、恶劣气象和复杂道路条件下的安全驾驶常识等。利用案例分析对照安全法规知识,提高学员规范操作的自觉性,学会避免和防止交通事故的发生,进而达到培养和提高驾驶人遵章守法的安全意识,掌握驾驶人的实际驾驶技能。 |
| ● |
| 相关链接 |
|
|
|
|
正题名:机动车驾驶人理论知识培训教材
索取号:U471.3/1060
 
预约/预借
| 序号 | 登录号 | 条形码 | 馆藏地/架位号 | 状态 | 备注 |
| 1 | 1336310 | 213363108 | 第二样本阅览室/ [索取号:U471.3/1060] | 在馆 | |
| 2 | 1336311 | 213363117 | 第三借阅区/ [索取号:U471.3/1060] | 在馆 | |
| 3 | 1336312 | 213363126 | 第三借阅区/ [索取号:U471.3/1060] | 在馆 | |
| 4 | 1336313 | 213363135 | 第三借阅区/ [索取号:U471.3/1060] | 在馆 |